Základní pojmy a principy konstruke modelů typu věk-období-kohorta
Modelovanie metódou APC, jednou z používaných metód štatistického vyhodnocovania trendov populačných ukazovateľov. Motivačné príklady - ukazovatele úmrtnosti mužov v ČR. Matematické vyjadrenie modelov APC. Lineárne modely s obmedzením. Aditívne modely. Metóda intrinsického odhadu. Odporúčané postupy...
Uložené v:
| Hlavný autor: | |
|---|---|
| Ďalší autori: | |
| Médium: | Kapitola |
| Jazyk: | Czech |
| Predmet: | |
| Tagy: |
Žiadne tagy, Buďte prvý, kto otaguje tento záznam!
|
MARC
| LEADER | 00000naa a2200000 4500 | ||
|---|---|---|---|
| 001 | 0200737 | ||
| 005 | 20220715114622.5 | ||
| 041 | 0 | |a cze | |
| 044 | |a CZ | ||
| 245 | 1 | 0 | |a Základní pojmy a principy konstruke modelů typu věk-období-kohorta |c Jindra Reissigová, Jitka Rychtaříková |
| 520 | |a Modelovanie metódou APC, jednou z používaných metód štatistického vyhodnocovania trendov populačných ukazovateľov. Motivačné príklady - ukazovatele úmrtnosti mužov v ČR. Matematické vyjadrenie modelov APC. Lineárne modely s obmedzením. Aditívne modely. Metóda intrinsického odhadu. Odporúčané postupy modelovania APC. | ||
| 610 | 2 | 0 | |a demografia |
| 610 | 2 | 0 | |a vývoj populačný |
| 610 | 2 | 0 | |a modelovanie |
| 610 | 2 | 0 | |a modely |
| 610 | 2 | 0 | |a ukazovatele demografické |
| 610 | 2 | 0 | |a úmrtnosť |
| 610 | 2 | 0 | |a muži |
| 610 | 2 | 0 | |a Česko |
| 100 | 1 | |a Reissigová, Jindra | |
| 700 | 1 | |a Rychtaříková, Jitka | |